| 000 | 00643 a2200217 4500 | ||
|---|---|---|---|
| 003 | CBULib | ||
| 005 | 20231019101024.0 | ||
| 008 | 231019b |||||||| |||| 00| 0 eng d | ||
| 020 | _a9780297848325 | ||
| 040 |
_bEnglish _cCBULib _erda |
||
| 050 | _aDP 269 Bee | ||
| 100 | _aBeevor, Antony | ||
| 245 |
_aThe battle for Spain : the Spanish Civil War, 1936-1939 _c/ by Antony Beevor |
||
| 260 |
_bWeidenfeld & Nicolson, _c[2006] _aLondon : |
||
| 300 | _axxxii, 526 pages : illustrations | ||
| 336 |
_2rdacontent _aText | |
||
| 337 |
_2rdamedia _aUnmediated | |
||
| 338 |
_2rdacarrier _aVolume |
||
| 650 | 0 |
_9899 _aSPAIN |
|
| 942 |
_2lcc _c002 |
||
| 999 |
_c82962 _d82962 |
||